<A> success story goes on Lee Myung-bak administration's governance philosophy and key economic policies

Saved in:
Bibliographic Details
Corporate Author: <The> 17th presidential transition committee Republic of Korea
Format: Book
Language:English
Subjects:
Tags: Add Tag
No Tags, Be the first to tag this record!

MARC

LEADER 00000nam$a2200000$$$4500
001 0075387
005 20221205071706.8
041 0 |a eng 
044 |a KR 
245 1 0 |a <A> success story goes on  |b Lee Myung-bak administration's governance philosophy and key economic policies 
300 |a 190 s. 
610 2 0 |a politika hospodárska 
610 2 0 |a rozvoj hospodársky 
610 2 0 |a prezidenti 
610 2 0 |a vláda 
610 2 0 |a úroveň životná 
610 2 0 |a plánovanie 
610 2 0 |a spolupráca medzinárodná 
610 2 0 |a Kórea 
110 2 |a <The> 17th presidential transition committee Republic of Korea